| 000 | 00520nam a2200145 a 4500 | ||
|---|---|---|---|
| 001 | 000025765 | ||
| 005 | 20260521073716.0 | ||
| 008 | 110222s1985 dr 000 0 spa d | ||
| 040 |
_aDO-SdBNP _bspa _cBNPHU |
||
| 100 | 1 |
_aSang, Mu-Kien A. _d1955- _q(Mu-Kien Adriana) _9331 |
|
| 245 | 1 | 0 |
_aFilosofía, teoría y tecnología : _bpanorámica de las ciencias de la administración / _cMiguel Sang Ben. |
| 260 |
_aSanto Domingo : _bEditorial Algumentos, _c1985. _fImpresora Siglo XXI |
||
| 300 |
_a21 p. ; _c21 cm. |
||
| 049 | _aBNPD | ||
| 999 |
_c25257 _d25257 |
||